[Event "GER-chT Youth Countries 2018"]
[Site "Wurzburg"]
[Date "2018.10.03"]
[Round "1"]
[White "Bluhm, Sonja Maria"]
[Black "Hommel, Niclas"]
[Result "0-1"]
[WhiteElo "2281"]
[BlackElo "1915"]
[Annotator "TA"]
[PlyCount "70"]
[EventDate "2018.10.03"]
[EventType "team-tourn"]
[EventCountry "GER"]
[SourceTitle "playchess.com"]
[Source "ChessBase"]
[SourceQuality "1"]

{[%evp 10,70,25,16,85,21,30,0,12,0,12,7,27,-17,4,-24,16,16,12,-32,0,0,0,-22,0,0,4,14,14,-67,6,7,29,-39,-45,-106,-6,-82,-79,-75,0,-18,81,0,79,0,-17,-103,-73,-698,-701,-882,-829,-1169,-1147,-1168,-1102,-1472,-1276,-1241,-837,-1942,-1938]} 1. e4 c5 2. Nc3 e6 3. Nf3 a6 4. g3 Nc6 5. Bg2 Qc7 6. O-O {LiveBook: 47 Games. B40: Sicilian: 2...e6, Unusual lines} b5 (6... Be7 $11) (6... Nf6 7. Re1 h5 8. d3 d6 9. Bg5 Ng4 10. Nh4 b5 11. h3 Nf6 12. Nf3 Bb7 13. a4 b4 14. Nb1 Nh7 {0-1 (54) Salgado Lopez,I (2627)-Cheparinov,I (2688) Minsk 2017 CBM 179 [Roiz,M]}) 7. d3 (7. d4 $16) 7... Bb7 $11 8. Ng5 $146 {White has an edge.} ({Predecessor:} 8. Re1 d6 9. Bf4 Nge7 10. Be3 Ne5 11. Nxe5 dxe5 12. a4 b4 13. Nb1 Nc6 14. Nd2 Be7 {½-½ (27) Slobodjan,R (2554)-Weiss,C (2421) Germany 2010}) 8... h6 9. Nh3 Nf6 10. f4 Be7 11. Be3 O-O 12. g4 Nh7 13. g5 hxg5 14. fxg5 Ne5 15. Qh5 Ng6 16. Rf3 {Nf2 is the strong threat.} Qe5 {Threatens to win with ...Nf6!} 17. Rg3 Nf6 18. Qe2 Nh7 19. Rd1 (19. Rf1 $11) 19... Rac8 (19... Qc7 $15 20. Nf2 Bd6) 20. Rf1 Ba8 21. Kh1 (21. Qg4 $11) 21... d5 $1 $15 {[%cal Rd5d4]} 22. Bc1 (22. exd5 $15 exd5 23. Bd2) 22... b4 ({Black should play} 22... d4 $17 23. Nb1 c4) 23. Nd1 (23. Na4 $1 $11) 23... dxe4 24. dxe4 {[#]} Bc6 ({Black should try} 24... c4 $1 $17 25. b3 cxb3 26. axb3 Qb5) 25. c4 Bd6 (25... Qc7 $11) 26. b3 (26. Ndf2 $16 {Black must now prevent Ng4.} Bb8 27. b3) 26... Bb8 (26... Qa1 $11 {remains equal.} 27. Rd3 Qe5) 27. Bb2 ({Better is} 27. Ndf2 $16) 27... Qc7 $36 {[%mdl 2048] Black has some pressure.} 28. Qh5 (28. Ndf2 $11) 28... Qe7 29. Nf4 $2 {[%mdl 8192]} (29. e5 $17) 29... Bxf4 $19 {Black is clearly winning.} ({Weaker is} 29... Nxf4 {[#]} 30. Rxf4 $1 {[%mdl 512]} Bxf4 31. Rh3 $16) 30. Rh3 Nxg5 {[%cal Bh7g5,Bg5h3,Bh3f4][%mdl 32]} 31. Rxf4 Nxh3 32. Rf3 Nhf4 33. Qg4 e5 34. Rg3 Qd7 35. Qf3 {[#]} Bxe4 $1 {Precision: White = 21%, Black = 34%.} 0-1

[Event "GER-chT Youth Countries 2018"]
[Site "Wurzburg"]
[Date "2018.10.03"]
[Round "1"]
[White "Urban, Konstantin"]
[Black "Burian, Simon"]
[Result "1-0"]
[WhiteElo "2279"]
[BlackElo "2091"]
[Annotator "NA"]
[PlyCount "119"]
[EventDate "2018.10.03"]
[EventType "team-tourn"]
[EventCountry "GER"]
[SourceTitle "playchess.com"]
[Source "ChessBase"]
[SourceQuality "1"]
[TimeControl "40/5400+30:1800+30"]

1. e4 {[%emt 0:00:00]} c5 {[%emt 0:00:00]} 2. Nf3 {[%emt 0:00:00]} d6 {[%emt 0:00:00]} 3. d4 {[%emt 0:00:00]} cxd4 {[%emt 0:00:09]} 4. Nxd4 {[%emt 0:00:00]} Nf6 {[%emt 0:00:07]} 5. Nc3 {[%emt 0:00:06]} a6 {[%emt 0:00:09]} 6. Bg5 {[%emt 0:00:10]} e6 {[%emt 0:01:01]} 7. f4 {[%emt 0:00:10]} Be7 {[%emt 0:00:29]} 8. Qf3 {[%emt 0:09:14]} Qc7 {[%emt 0:01:10]} 9. O-O-O {[%emt 0:00:28]} Nbd7 {[%emt 0:01:46]} 10. Bd3 {[%emt 0:00:10]} h6 {[%emt 0:00:26]} 11. Bh4 {[%emt 0:00:12]} g5 12. fxg5 {[%emt 0:00:25]} Ne5 {[%emt 0:02:05]} 13. Qe2 {[%emt 0:02:19]} Nfg4 {[%emt 0:01:12]} 14. Nf3 {[%emt 0:06:25]} Nxf3 {[%emt 0:02:53]} 15. gxf3 {[%emt 0:00:44]} hxg5 {[%emt 0:00:13]} 16. Bg3 {[%emt 0:00:41]} Ne5 {[%emt 0:00:29]} 17. f4 {[%emt 0:02:23]} gxf4 {[%emt 0:02:38] B99: Sicilian Najdorf: 6 Bg5 e6 7 f4 Be7 8 Qf3 Qc7 9 0-0-0 Nbd7} 18. Bxf4 {[%emt 0:00:15]} Bd7 {[%emt 0:03:30]} 19. Rdf1 {[%emt 0:02:07]} Rh7 {[%emt 0:05:26] [#] LiveBook: 7 Games. The position is equal.} 20. Rf2 $146 {[%emt 0:07:12]} ({Predecessor:} 20. h4 $5 O-O-O 21. h5 Rg8 22. Kb1 Bg5 23. Rfg1 Qd8 24. Bxe5 dxe5 25. Bxa6 bxa6 26. Qxa6+ Kc7 27. Qa7+ Kc8 28. Rd1 {1-0 (28) Savchenko,B (2627)-Nedilko,V (2407) Plovdiv 2010}) 20... O-O-O {[%emt 0:04:32]} 21. Rhf1 {[%emt 0:04:23]} Bc6 {[%emt 0:04:46]} 22. Kb1 {[%emt 0:10:24]} Bh4 {[%emt 0:04:35]} 23. Rg2 {[%emt 0:01:16]} Qe7 {[%emt 0:04:14]} 24. Rgg1 {[%emt 0:08:22]} Rdh8 {[%emt 0:12:27]} 25. Qe3 {[%emt 0:03:42]} Kb8 {[%emt 0:05:03]} 26. Qd4 {[%emt 0:03:26]} Bf6 {[%emt 0:05:27]} 27. Be3 {[%emt 0:02:26] [#] Black must now prevent Rxf6!} Nd7 $2 {[%emt 0:05:57]} ({Wrong is} 27... Rxh2 $2 {[#]} 28. Rxf6 $1 {[%mdl 512]} R2h3 29. Rff1 $18) (27... Kc8 $11 {and Black is okay.}) 28. Qa7+ $18 {[%emt 0:04:37]} Kc7 {[%emt 0:02:00]} 29. e5 {[%emt 0:00:47]} Bxe5 {[%emt 0:00:12]} 30. Bxh7 {[%emt 0:00:37]} Rxh7 {[%emt 0:00:14]} 31. Rg8 {[%emt 0:05:13] And now Qa8 would win.} Rg7 $2 {[%emt 0:03:47] Precision: White = 50%, Black = 48%.} (31... d5 $16 {is more resistant.}) 32. Qa8 {[%emt 0:02:02]} Rxg8 {[%emt 0:01:12]} 33. Qxg8 {[%emt 0:00:02]} f5 {[%emt 0:05:21]} 34. Bf4 {[%emt 0:03:24]} Nf6 {[%emt 0:02:20]} 35. Qg5 {[%emt 0:00:27]} Bxc3 {[%emt 0:05:41]} 36. bxc3 {[%emt 0:00:07]} Qf7 {[%emt 0:00:11]} 37. Rg1 {[%emt 0:00:49]} Ne4 {[%emt 0:00:36]} 38. Qg7 {[%emt 0:00:23]} Qxg7 {[%emt 0:00:11]} 39. Rxg7+ {[%emt 0:00:01]} Kb6 {[%emt 0:00:21]} 40. h4 {[%emt 0:03:25]} Be8 {[%emt 0:06:05]} 41. Re7 {[%emt 0:32:06]} Nxc3+ {[%emt 0:32:42]} 42. Kb2 {[%emt 0:00:53]} Nd5 {[%emt 0:00:55]} 43. Rxe8 {[%emt 0:00:49]} Nxf4 {[%emt 0:00:07]} 44. Rh8 {[%emt 0:00:13]} Kc5 {[%emt 0:07:00]} 45. h5 {[%emt 0:00:47]} Nxh5 {[%emt 0:00:47]} 46. Rxh5 {[%emt 0:00:04]} b5 {[%emt 0:00:26]} 47. Kc3 {[%emt 0:00:25]} d5 {[%emt 0:01:46]} 48. Kd3 {[%emt 0:02:58]} a5 {[%emt 0:00:00]} 49. a3 {[%emt 0:00:00]} d4 {[%emt 0:00:00]} 50. Rh4 {[%emt 0:00:00]} e5 {[%emt 0:00:00]} 51. Rh5 {[%emt 0:00:00]} e4+ {[%emt 0:00:00]} 52. Kd2 {[%emt 0:00:00]} Kc4 {[%emt 0:00:00]} 53. Rxf5 {[%emt 0:00:00]} e3+ {[%emt 0:00:00]} 54. Ke2 {[%emt 0:00:00]} a4 {[%emt 0:00:00]} 55. Rh5 {[%emt 0:00:00]} b4 {[%emt 0:00:00]} 56. axb4 {[%emt 0:00:00]} Kxb4 {[%emt 0:00:00]} 57. Kd3 {[%emt 0:00:00]} a3 {[%emt 0:00:00]} 58. Kxd4 {[%emt 0:00:00]} e2 {[%emt 0:00:00]} 59. Rh1 {[%emt 0:00:00]} a2 {[%emt 0:00:00]} 60. Ke4 1-0

[Event "GER-chT Youth Countries 2018"]
[Site "Wurzburg"]
[Date "2018.10.03"]
[Round "1"]
[White "Herbrig, Alexander"]
[Black "Richter, Leonard"]
[Result "1-0"]
[WhiteElo "2277"]
[BlackElo "2322"]
[Annotator "NA"]
[PlyCount "142"]
[EventDate "2018.10.03"]
[EventType "team-tourn"]
[EventCountry "GER"]
[SourceTitle "playchess.com"]
[Source "ChessBase"]
[SourceQuality "1"]
[TimeControl "40/5400+30:1800+30"]

1. d4 {[%emt 0:00:00]} Nf6 {[%emt 0:00:00]} 2. Nf3 {[%emt 0:00:00]} g6 {[%emt 0:00:00]} 3. Bg5 {[%emt 0:00:00]} Ne4 {[%emt 0:01:31]} 4. Bf4 {[%emt 0:00:00]} Bg7 {[%emt 0:02:53]} 5. Nbd2 {[%emt 0:00:21]} d5 {[%emt 0:02:52]} 6. e3 {[%emt 0:02:12] LiveBook: 43 Games} Bf5 {[%emt 0:07:15] A48: 1 d4 Nf6 2 Nf3 g6: Torre, London and Colle Systems} (6... c5 7. c3 Nc6 8. Bd3 Bf5 9. Bxe4 dxe4 10. Nh4 cxd4 11. Nxf5 gxf5 12. cxd4 Qd5 13. Qb3 Qxb3 14. axb3 Kd7 15. Ke2 Rhc8 {½-½ (37) Hertneck,G (2492)-Gajewski,G (2634) Germany 2014}) 7. c4 {[%emt 0:06:12]} dxc4 {[%emt 0:03:44]} 8. Bxc4 {[%emt 0:01:04] Threatens to win with Nxe4.} O-O $146 {[%emt 0:00:48] White is slightly better.} ({Predecessor:} 8... Nxd2 9. Qxd2 O-O 10. O-O c6 11. Qb4 b5 12. Be2 Nd7 13. Rac1 a5 {1-0 (41) Manea,A (2390)-Stegariu,V (2171) Mamaia 2013}) 9. Qb3 {[%emt 0:02:23] Black must now prevent Nxe4.} Nxd2 {[%emt 0:04:54]} 10. Nxd2 {[%emt 0:01:03]} Nd7 {[%emt 0:06:53] [#]} (10... Nc6 $11) 11. e4 $1 $16 {[%emt 0:08:20]} (11. Qxb7 $6 e5 $11) 11... e5 {[%emt 0:07:04] [#]} 12. dxe5 {[%emt 0:00:48]} (12. exf5 $6 exf4 13. O-O Nb6 $11) ({Better is} 12. Bg3 $1 $16 Bg4 13. f3 (13. Qxb7 exd4 14. h3 Be6 $11)) 12... Be6 $14 {[%emt 0:00:53]} 13. Qc3 {[%emt 0:05:13]} ({Don't blunder} 13. Qxb7 $2 Bxc4 14. Nxc4 Nc5 $19) ({Reject} 13. Bxe6 Nc5 $15) 13... Bxc4 {[%emt 0:22:28]} 14. Nxc4 {[%emt 0:01:15]} Qh4 {[%emt 0:01:10]} 15. g3 {[%emt 0:05:54]} Qh3 {[%emt 0:04:17]} 16. O-O-O {[%emt 0:04:24]} Rfe8 {[%emt 0:01:31]} 17. Qd4 {[%emt 0:08:17]} Qe6 {[%emt 0:05:46]} (17... Nf8 $11) 18. Qxd7 {[%emt 0:08:32]} (18. f3 $14) 18... Qxc4+ $11 {[%emt 0:00:05]} 19. Kb1 {[%emt 0:00:34]} Qxe4+ {[%emt 0:01:33]} 20. Ka1 {[%emt 0:00:10]} (20. Qd3 $1 $11 {remains equal.} Qxd3+ 21. Rxd3) 20... Bxe5 $17 {[%emt 0:02:27] Black is better.} 21. f3 {[%emt 0:07:12]} Qe2 {[%emt 0:07:41]} ({But not} 21... Qxf3 $6 22. Bxe5 Rxe5 23. Rhf1 $14) 22. Bxe5 {[%emt 0:01:32]} Qxe5 {[%emt 0:00:27]} 23. f4 {[%emt 0:01:31]} Qe7 {[%emt 0:01:54]} 24. f5 {[%emt 0:00:22] Precision: White = 39%, Black = 63%.} Rad8 {[%emt 0:06:15]} 25. Qxe7 {[%emt 0:00:31]} Rxd1+ {[%emt 0:00:07]} 26. Rxd1 {[%emt 0:00:05]} Rxe7 {[%emt 0:00:04]} 27. f6 {[%emt 0:00:13]} Re8 {[%emt 0:00:04]} 28. a3 {[%emt 0:01:26]} h5 {[%emt 0:00:38]} 29. Rd7 {[%emt 0:05:34]} Re1+ {[%emt 0:01:06]} 30. Ka2 {[%emt 0:00:08]} Rc1 {[%emt 0:00:02]} 31. Rd8+ {[%emt 0:00:20]} Kh7 {[%emt 0:00:12]} 32. Rf8 {[%emt 0:00:05]} g5 {[%emt 0:01:15]} 33. Rxf7+ {[%emt 0:00:19]} Kg6 {[%emt 0:00:05]} 34. Rf8 {[%emt 0:00:29]} Rf1 {[%emt 0:04:40]} 35. Rg8+ {[%emt 0:01:30]} Kh6 {[%emt 0:01:03]} 36. Rg7 {[%emt 0:02:27]} Rxf6 {[%emt 0:00:22]} 37. Rxc7 {[%emt 0:00:10]} Rb6 {[%emt 0:00:10]} 38. h4 {[%emt 0:00:53]} g4 {[%emt 0:01:28]} 39. a4 {[%emt 0:02:12]} Kg6 {[%emt 0:01:04]} 40. Ka3 {[%emt 0:00:31]} Kf5 {[%emt 0:01:15]} 41. Re7 {[%emt 0:35:46]} a5 {[%emt 0:05:01]} 42. b3 {[%emt 0:00:00]} Rb4 {[%emt 0:11:26]} 43. Rh7 {[%emt 0:00:00]} Kg6 {[%emt 0:02:42]} 44. Rd7 {[%emt 0:00:00]} Kf5 {[%emt 0:06:17]} 45. Rd5+ {[%emt 0:00:00]} Ke4 {[%emt 0:00:05]} 46. Rxa5 {[%emt 0:00:00]} Rd4 {[%emt 0:00:11]} 47. Rxh5 {[%emt 0:00:00]} Kf3 {[%emt 0:00:19]} 48. Rh7 {[%emt 0:00:00]} b6 {[%emt 0:00:50]} 49. Rh6 {[%emt 0:00:00]} Kxg3 {[%emt 0:00:52]} 50. Rxb6 {[%emt 0:00:00]} Kh2 {[%emt 0:02:51]} 51. Rg6 {[%emt 0:00:00]} g3 {[%emt 0:00:13]} 52. h5 {[%emt 0:00:00]} g2 {[%emt 0:00:45]} 53. a5 {[%emt 0:00:00]} g1=Q {[%emt 0:04:04]} 54. Rxg1 {[%emt 0:00:00]} Kxg1 {[%emt 0:00:03]} 55. b4 {[%emt 0:00:00]} Kf2 {[%emt 0:00:54]} 56. a6 {[%emt 0:00:00]} Ke3 {[%emt 0:01:28]} 57. a7 {[%emt 0:00:00]} Rd8 {[%emt 0:00:50]} 58. b5 {[%emt 0:00:00]} Kd4 {[%emt 0:00:19]} 59. b6 {[%emt 0:00:00]} Kc3 {[%emt 0:00:21]} 60. Ka4 {[%emt 0:00:00]} Kc4 {[%emt 0:00:31]} 61. Ka5 {[%emt 0:00:00]} Kc5 {[%emt 0:01:26]} 62. Ka6 {[%emt 0:00:00]} Rf8 {[%emt 0:00:29]} 63. h6 {[%emt 0:00:00]} Rh8 {[%emt 0:00:45]} 64. h7 {[%emt 0:00:00]} Rf8 {[%emt 0:00:05]} 65. b7 {[%emt 0:00:00]} Rf6+ {[%emt 0:00:30]} 66. Ka5 {[%emt 0:00:00]} Rf2 {[%emt 0:00:07]} 67. Ka4 {[%emt 0:00:00]} Kc4 {[%emt 0:00:11]} 68. Ka3 {[%emt 0:00:00]} Rf3+ {[%emt 0:00:05]} 69. Kb2 {[%emt 0:00:00]} Rf2+ {[%emt 0:00:19]} 70. Kc1 {[%emt 0:00:00]} Rf1+ {[%emt 0:01:19]} 71. Kd2 {[%emt 0:00:00]} Kd5 1-0

[Event "GER-chT Youth Countries 2018"]
[Site "Wurzburg"]
[Date "2018.10.03"]
[Round "1"]
[White "Riehle, Marco"]
[Black "Gschnitzer, Adrian"]
[Result "1/2-1/2"]
[WhiteElo "2265"]
[BlackElo "2363"]
[Annotator "TA"]
[PlyCount "44"]
[EventDate "2018.10.03"]
[EventType "team-tourn"]
[EventCountry "GER"]
[SourceTitle "playchess.com"]
[Source "ChessBase"]
[SourceQuality "1"]

{[%evp 26,44,48,41,46,43,28,37,37,37,43,37,42,37,37,37,36,40,41,27,42]} 1. e4 c5 2. Nf3 Nc6 3. d4 cxd4 4. Nxd4 e5 5. Nb5 d6 6. N1c3 a6 7. Na3 b5 8. Nd5 Nge7 9. c4 Nxd5 {B32: Sicilian: Löwenthal and Kalashnikov Variations} 10. cxd5 (10. exd5 Nd4 11. cxb5 Be7 12. Bd3 O-O 13. O-O f5 14. Be3 Nxb5 15. Nc4 Rb8 16. f3 Bb7 17. a4 Nd4 18. Bxd4 exd4 19. a5 Bxd5 20. Nb6 {0-1 (48) Martinez Alcantara,J (2561)-Naiditsch,A (2711) Linares 2018}) 10... Nd4 11. Be3 g6 12. Bd3 Bg7 13. O-O O-O 14. Nc2 {LiveBook: 10 Games} Nxc2 15. Qxc2 Bd7 16. Rac1 Rc8 17. Qd2 f5 {[%cal Bf7f5,Bf5f4][%mdl 32]} 18. Rxc8 Qxc8 19. Rc1 $146 Qb7 {[#] aiming for ...f4.} 20. Qb4 f4 $1 {[%cal Rf4e3]} 21. Bd2 Qb6 22. a4 Bf6 1/2-1/2

[Event "GER-chT Youth Countries 2018"]
[Site "Wurzburg"]
[Date "2018.10.03"]
[Round "1"]
[White "Nguyen, Alex Dac-Vuong"]
[Black "Arnhold, Steffi"]
[Result "0-1"]
[WhiteElo "2240"]
[BlackElo "1955"]
[Annotator "NA"]
[PlyCount "62"]
[EventDate "2018.10.03"]
[EventType "team-tourn"]
[EventCountry "GER"]
[SourceTitle "playchess.com"]
[Source "ChessBase"]
[SourceQuality "1"]
[TimeControl "40/5400+30:1800+30"]

{[%evp 13,51,11,51,52,50,45,55,59,68,46,54,52,53,47,47,51,40,0,26,15,31,4,20,-59,-49,-58,-54,-53,-64,-49,-65,-102,-108,-111,-115,-136,-49,-68,-38,-52]} 1. e4 {[%emt 0:00:00]} c5 {[%emt 0:00:00]} 2. Nf3 {[%emt 0:00:00]} e6 {[%emt 0:00:00]} 3. d4 {[%emt 0:00:00]} cxd4 {[%emt 0:00:12]} 4. Nxd4 {[%emt 0:00:01]} a6 {[%emt 0:00:12]} 5. c4 {[%emt 0:00:07]} Qc7 {[%emt 0:00:31]} 6. Nc3 {[%emt 0:03:12]} Nf6 {[%emt 0:02:18]} 7. a3 {[%emt 0:00:08]} Be7 {[%emt 0:02:21]} (7... Nxe4 $5 8. Nxe4 Qe5 $14) 8. Be2 {[%emt 0:00:49] B41: Sicilian: Kan Variation: 5 c4} d6 {[%emt 0:02:32]} 9. Be3 {[%emt 0:00:36]} O-O {[%emt 0:00:29]} 10. O-O {[%emt 0:00:07] White is slightly better.} Nbd7 {[%emt 0:00:54]} (10... b6 11. Qd2 Bb7 12. f3 Nbd7 13. Rac1 Rfc8 14. Rfd1 Qd8 15. b4 Ne5 16. Na4 Nfd7 17. Nb3 Bc6 18. Nb2 Bb7 19. Na4 Bc6 20. Nb2 Bb7 21. Na4 Bc6 {½-½ (21) Ftacnik,L (2548)-Jobava,B (2665) Baku 2016}) 11. Qd2 {[%emt 0:08:32]} b6 {[%emt 0:02:05]} 12. b4 {[%emt 0:03:14]} Bb7 {[%emt 0:03:05]} 13. f3 {[%emt 0:00:10]} Rac8 {[%emt 0:01:04]} 14. Rfc1 {[%emt 0:01:03]} Qb8 {[%emt 0:02:20]} 15. Nb3 {[%emt 0:01:33]} Rfe8 {[%emt 0:13:00]} 16. Bf1 $146 {[%emt 0:05:44]} Bd8 {[%emt 0:09:06]} 17. Kh1 {[%emt 0:00:43]} Bc7 {[%emt 0:04:31]} 18. Bg1 {[%emt 0:00:07] [#]} (18. Nd4 $11) 18... d5 $1 $36 {[%emt 0:10:06] Black has the initiative.} 19. cxd5 {[%emt 0:12:06]} Bf4 {[%emt 0:02:03]} 20. Be3 {[%emt 0:00:19]} Bxe3 {[%emt 0:02:18]} ({Much weaker is} 20... Bxh2 21. dxe6 Rxe6 22. Ne2 $11) 21. Qxe3 {[%emt 0:00:06]} exd5 {[%emt 0:00:19]} 22. Bd3 {[%emt 0:23:49]} dxe4 {[%emt 0:11:07]} 23. Nxe4 {[%emt 0:00:23]} Rxc1+ {[%emt 0:01:16]} 24. Rxc1 {[%emt 0:01:41] Black should prevent Nxf6+.} Nxe4 {[%emt 0:02:35]} (24... Bxe4 $1 $17 25. Bxe4 Nxe4 26. fxe4 Nf6) 25. fxe4 {[%emt 0:00:37]} Qe5 {[%emt 0:09:55]} 26. Qd4 {[%emt 0:03:12] Precision: White = 41%, Black = 54%.} Qxd4 {[%emt 0:03:12]} 27. Nxd4 {[%emt 0:00:06]} Nf6 {[%emt 0:01:25]} 28. Rc7 {[%emt 0:02:59]} Bxe4 {[%emt 0:06:21]} 29. Be2 {[%emt 0:07:06]} Bd3 {[%emt 0:01:24]} 30. Rc1 {[%emt 0:01:21]} Bxe2 {[%emt 0:00:11]} 31. Re1 {[%emt 0:00:06]} Bc4 {[%emt 0:00:30]} 0-1

[Event "GER-chT Youth Countries 2018"]
[Site "Wurzburg"]
[Date "2018.10.03"]
[Round "1"]
[White "Oberhofer, Cedric"]
[Black "Weller, Uli"]
[Result "1-0"]
[WhiteElo "2213"]
[BlackElo "2123"]
[Annotator "NA"]
[PlyCount "61"]
[EventDate "2018.10.03"]
[EventType "team-tourn"]
[EventCountry "GER"]
[SourceTitle "playchess.com"]
[Source "ChessBase"]
[SourceQuality "1"]
[TimeControl "40/5400+30:1800+30"]

1. e4 {[%emt 0:00:00]} e6 {[%emt 0:00:05]} 2. d3 {[%emt 0:00:11]} d5 {[%emt 0:00:09]} 3. Nd2 {[%emt 0:00:08]} b6 {[%emt 0:01:59]} 4. g3 {[%emt 0:03:30]} Bb7 {[%emt 0:00:30]} 5. Bg2 {[%emt 0:00:08]} Nf6 {[%emt 0:00:54]} 6. Qe2 {[%emt 0:07:40]} Be7 {[%emt 0:02:05]} 7. Ngf3 {[%emt 0:07:54]} O-O {[%emt 0:01:10]} 8. e5 {[%emt 0:01:54]} Nfd7 {[%emt 0:03:18]} 9. O-O {[%emt 0:01:10]} c5 {[%emt 0:01:41]} 10. c3 {[%emt 0:01:46]} Qc7 {[%emt 0:06:04]} 11. Re1 {[%emt 0:01:58]} Nc6 {[%emt 0:03:39]} 12. Nf1 {[%emt 0:02:14] C00: French: Unusual White 2nd moves} (12. h4 b5 13. Nf1 b4 14. h5 bxc3 15. bxc3 Ba6 16. h6 g6 17. Bf4 Qa5 18. Rac1 c4 19. d4 Ba3 {1-0 (31) Hera,I (2611)-Ganguly,S (2658) Biel 2017}) 12... b5 {[%emt 0:06:37]} 13. Bf4 {[%emt 0:05:26]} a5 {[%emt 0:03:51]} 14. h4 {[%emt 0:07:47] The position is equal.} b4 {[%emt 0:06:26]} 15. Ne3 $146 {[%emt 0:06:15]} ({Predecessor:} 15. N1h2 Ba6 16. Rad1 c4 17. d4 a4 18. Ng5 a3 19. Qh5 Bxg5 20. hxg5 axb2 21. Ng4 Qd8 22. Bxd5 exd5 23. Kg2 Re8 24. Rh1 {½-½ (24) Dickl,E (2266)-Knoeppel,B (2176) Remote email 2011}) 15... bxc3 {[%emt 0:13:22] [#] And now ...Nd4 would win.} 16. bxc3 {[%emt 0:00:54]} Nb6 {[%emt 0:01:51]} (16... d4 $11 {keeps the balance.} 17. cxd4 Nxd4 18. Nxd4 cxd4) 17. Rac1 {[%emt 0:06:16]} ({Better is} 17. Ng4 $16) 17... Rfd8 {[%emt 0:07:32]} (17... Qd7 $11 {remains equal.}) 18. Ng4 $16 {[%emt 0:03:40]} Bf8 {[%emt 0:09:42]} 19. h5 {[%emt 0:02:29]} Nd7 {[%emt 0:05:31]} (19... h6 $142) 20. h6 {[%emt 0:12:07]} g6 {[%emt 0:00:57]} 21. Bg5 {[%emt 0:02:45] Precision: White = 44%, Black =  3%.} ({White should try} 21. Ng5) 21... Re8 {[%emt 0:03:09]} 22. Qd2 {[%emt 0:02:54]} Rab8 {[%emt 0:01:54]} 23. c4 {[%emt 0:03:08]} Ne7 24. Qf4 {[%emt 0:05:56]} Bc6 {[%emt 0:10:37]} 25. Nf6+ {[%emt 0:02:23]} Nxf6 {[%emt 0:00:54]} 26. exf6 {[%emt 0:00:08]} Qxf4 {[%emt 0:00:21]} 27. Bxf4 {[%emt 0:00:04]} Nf5 {[%emt 0:00:20]} 28. Bxb8 {[%emt 0:01:30]} Rxb8 {[%emt 0:00:08]} 29. g4 {[%emt 0:01:29]} Nxh6 {[%emt 0:00:48]} 30. Ne5 {[%emt 0:00:12]} Bb7 {[%emt 0:01:44]} 31. Rb1 {[%emt 0:01:20]} 1-0

[Event "GER-chT Youth Countries 2018"]
[Site "Wurzburg"]
[Date "2018.10.03"]
[Round "1"]
[White "Leeb, Simon"]
[Black "Schneider, Jana"]
[Result "1/2-1/2"]
[WhiteElo "2203"]
[BlackElo "2174"]
[Annotator "NA"]
[PlyCount "55"]
[EventDate "2018.10.03"]
[EventType "team-tourn"]
[EventCountry "GER"]
[SourceTitle "playchess.com"]
[Source "ChessBase"]
[SourceQuality "1"]
[TimeControl "40/5400+30:1800+30"]

{[%evp 18,44,12,-20,-21,-17,-13,-28,12,8,18,26,29,7,14,-22,6,-1,18,2,15,0,12,8,36,0,22,25,94]} 1. d4 Nf6 2. c4 e6 3. Nf3 d5 4. g3 Bb4+ 5. Bd2 Bd6 6. Nc3 Nc6 7. Bg2 {[%emt 0:06:37]} dxc4 {[%emt 0:02:03]} 8. Qa4 {[%emt 0:02:39]} O-O {[%emt 0:02:15]} 9. Qxc4 {[%emt 0:01:11]} e5 {[%emt 0:02:35]} 10. O-O {[%emt 0:04:14] LiveBook: 3 Games} Nxd4 {[%emt 0:08:17] E04: Open Catalan: 5 Nf3} 11. Nxd4 {[%emt 0:01:14]} exd4 {[%emt 0:00:06]} 12. Qxd4 {[%emt 0:00:30]} Qe7 $146 {[%emt 0:02:09] Black has an edge.} ({Predecessor:} 12... Bxg3 $5 13. Nd5 (13. Qxd8 Rxd8 14. hxg3 Rxd2 15. Rfd1 Rd7 16. b4 Kf8 17. b5 Rb8 18. e4 {½-½ (28) Wojtaszek,R (2599)-Landa,K (2613) Germany 2008}) 13... Nxd5 14. hxg3 c6 $11) 13. Bf4 {[%emt 0:03:43]} (13. Rad1 {feels hotter.} Be5 14. Qh4 h6 15. Ne4 Re8 16. Bc3) 13... Bxf4 {[%emt 0:10:32]} 14. Qxf4 {[%emt 0:00:07]} c6 {[%emt 0:01:29]} 15. a3 {[%emt 0:14:17]} Be6 {[%emt 0:02:29]} 16. Qb4 {[%emt 0:08:50]} Rfe8 {[%emt 0:09:13]} 17. Rfd1 {[%emt 0:03:03]} Kf8 {[%emt 0:05:53]} 18. e4 {[%emt 0:09:00]} Rad8 {[%emt 0:17:12]} 19. Qa4 {[%emt 0:07:36]} a6 {[%emt 0:03:00]} 20. Qc2 {[%emt 0:01:11]} Qc5 {[%emt 0:03:11]} 21. Rac1 {[%emt 0:03:26]} Qh5 {[%emt 0:07:07]} 22. Na4 {[%emt 0:05:20]} Bg4 {[%emt 0:03:56] Precision: White = 17%, Black = 21%.} (22... Nd7 $11) 23. Rxd8 {[%emt 0:01:42]} Rxd8 {[%emt 0:00:01]} 24. Qc5+ {[%emt 0:03:42]} Qxc5 25. Nxc5 {[%emt 0:00:06]} Bc8 {[%emt 0:01:51]} 26. e5 {[%emt 0:02:51]} Nd7 27. Rd1 {[%emt 0:10:56]} Ke7 {[%emt 0:03:57]} 28. Nxd7 {[%emt 0:00:17]} 1/2-1/2